| 000 | 00608nam a2200229Ia 4500 | ||
|---|---|---|---|
| 003 | 0100 | ||
| 008 | 130303s9999 xx 000 0 und d | ||
| 020 | _a0521437423 | ||
| 040 | _cARRUPELIB | ||
| 050 | _aB995.T3P48 1994 | ||
| 245 | _aPhilosophy in an age of pluralism | ||
| 245 | _bthe philosophy of Charles Taylor in question | ||
| 260 | _aCambridge | ||
| 260 | _bCambridge University Press | ||
| 260 | _C1994 | ||
| 300 | _axvii | ||
| 300 | _b 273p. 23cm. | ||
| 650 | _aPHILOSOPHY | ||
| 650 | _bSynod of Bishops, Africa | ||
| 700 | _aTully, James ; Weinstock, Daniel M. eds. | ||
| 942 | 0 | 0 | _01 |
| 999 |
_c18787 _d18787 |
||